101 Movie 'C 'Words Quiz Stats

 Plays Quiz Updated Dec 12, 2016

Challenge
Share
Tweet
Embed
Score 0/101 Timer 11:00
1 Play Today
% Correct
Caribbean
89.3%
Code
89.3%
Center
88.6%
Called
88.5%
Cause
88.5%
Chain
88.2%
Casino
88.1%
Crocodile
87.9%
Chamber
87.1%
Clockwork
87%
Citizen
87%
Count
86.9%
Crouching
86.8%
Commandments
86.7%
Clause
86.6%
Cop
86.5%
Conan
86.5%
Catch
86.5%
Country
86.4%
Clash
86.1%
Chitty
86%
Close
85.6%
Cousin
85.3%
Christ
85.3%
Came
84.2%
Cool
83.9%
Club
83.6%
Coal
83.6%
Cat
83.3%
Choice
83%
Captain
82%
Catching
81.5%
Confidential
81.5%
Connection
81.2%
% Correct
Clear
80.6%
Crystal
80.2%
Candidate
80%
Creature
80%
Comes
79.9%
Chariots
79%
Crown
78.7%
Cider
78.4%
Cape
76.5%
Created
76.1%
Crazy
75.1%
Crimes
74.9%
Coming
72.2%
Children
72.1%
Cup
71%
Colors
70.5%
Child's
69.5%
Cry
68.9%
Crying
67.3%
C
67.1%
Cookie
66.1%
Cairo
66%
Copperfield
65.9%
Cinderella
65.5%
Carnal
65.3%
Courage
65.2%
Cannonball
64.7%
Crowd
64.6%
City
63.3%
Clementine
63%
Circuit
61.9%
Christmas
60.4%
China
59.6%
Cogburn
58.8%
% Correct
Cid
56.6%
Chips
56%
Chocolate
56%
Cage
55.8%
Caine
55.7%
Cutting
55.6%
Cowboy
54.4%
Conquering
53.8%
Crooks
53.7%
Condor
53.5%
Carter
53.4%
Calm
53.1%
Circus
51%
Crumb
50.7%
Collins
50.1%
Cincinnati
48.1%
Cook
47.9%
Card
47.6%
Chase
45.5%
Calls
45.2%
Charlotte
42.5%
Curtain
41.8%
Coronets
40.7%
Concubine
39.4%
Cutter's
37.8%
Cherry
36.7%
California
36.5%
Collar
35.9%
Conqueror
34.5%
Christie
34%
Charley
31.7%
Corvette
23.9%
Casanova
21.9%

You're not logged in!

Compare scores with friends on all Sporcle quizzes.
Join for Free
OR
Log In

You Might Also Like...

Show Comments

Extras

Top Quizzes Today


Score Distribution

Your Account Isn't Verified!

In order to create a playlist on Sporcle, you need to verify the email address you used during registration. Go to your Sporcle Settings to finish the process.

Report this User

Report this user for behavior that violates our Community Guidelines.

Details: